00246nam a2200097Ia 4500008004000000082001300040100001900053245002700072260004100099300000800140210210b1971 xxu||||| |||| 00| 0 eng d a364 EYSC aEYSENCK (H J). aCrime and personality. aLondonbGranada publishing ltdc1971 a211